000 00596nam a2200241Ia 4500
003 OSt
005 20220918173142.0
006 a|||||r|||| 00| 0
007 ta
008 220917b |||||||| |||| 00| 0 eng d
024 _a5,356
037 _cTextual
040 _aARTS
_cARTS
_beng
041 _2eng
_aeng
082 _a2:7, M0
100 _aDavinson Donald.
245 0 _aReference sercice
260 _aLondon
_bClive Bingley
_c1980
300 _a235p
_ccm.
650 _aLIBRARY SCIENCE
942 _h2:7, M0
_cTEXL
_2CC
999 _c147390
_d147390